[Event "Latin Cup-A 3rd"]
[Site "Cali"]
[Date "2012.10.05"]
[Round "3"]
[White "Leon Magallanes, Isaac David"]
[Black "Nunez V, Daniel Fernando"]
[Result "0-1"]
[WhiteElo "2069"]
[BlackElo "2211"]
[PlyCount "78"]
[EventDate "2012.10.04"]
[EventType "swiss"]
[EventRounds "9"]
[EventCountry "COL"]
[SourceTitle "CBM 150 Extra"]
[Source "ChessBase"]
[SourceDate "2012.10.19"]
[SourceVersion "1"]
[SourceVersionDate "2012.10.19"]
[SourceQuality "1"]

1. d4 Nf6 2. c4 e6 3. Nc3 Bb4 4. e3 b6 5. Nge2 c5 6. a3 Ba5 7. Rb1 Na6 8. Bd2 Bb7 9. f3 Qe7 10. Nc1 0-0 11. Be2 d5 12. 0-0 Rac8 13. cxd5 exd5 14. Nb3 Bxc3 15. bxc3 c4 16. Na1 Qxa3 17. Nc2 Qe7 18. Ra1 Ra8 19. Na3 Nc7 20. e4 dxe4 21. Nxc4 Ncd5 22. Ne5 e3 23. Be1 Nf4 24. g3 Nxe2+ 25. Qxe2 Nd7 26. Nxd7 Qxd7 27. Qxe3 Bd5 28. Bd2 Rfe8 29. Qf2 a5 30. Be3 a4 31. Ra3 Re6 32. Re1 Rae8 33. Raa1 Qc6 34. Bd2 Bxf3 35. Rxe6 Rxe6 36. Rf1 Re2 37. Qxf3 Qxf3 38. Rxf3 Rxd2 39. Re3 Kf8 0-1

[Event "Latin Cup-A 3rd"]
[Site "Cali"]
[Date "2012.10.04"]
[Round "1"]
[White "Rios Gomez, Cristhian Camilo"]
[Black "Nunez V, Daniel Fernando"]
[Result "0-1"]
[WhiteElo "2348"]
[BlackElo "2211"]
[PlyCount "70"]
[EventDate "2012.10.04"]
[EventType "swiss"]
[EventRounds "9"]
[EventCountry "COL"]
[SourceTitle "CBM 150 Extra"]
[Source "ChessBase"]
[SourceDate "2012.10.19"]
[SourceVersion "1"]
[SourceVersionDate "2012.10.19"]
[SourceQuality "1"]

1. d4 Nf6 2. c4 e6 3. Nc3 Bb4 4. e3 b6 5. Nge2 Bb7 6. a3 Bxc3+ 7. Nxc3 0-0 8. Bd3 d6 9. 0-0 e5 10. d5 Nbd7 11. b4 a5 12. Rb1 Qe7 13. e4 axb4 14. axb4 Rfb8 15. Be3 Bc8 16. f3 h5 17. Qc2 Nf8 18. c5 bxc5 19. bxc5 Ng6 20. Rxb8 Rxb8 21. Rb1 Ra8 22. Nb5 Ne8 23. c6 Nf4 24. Bf1 h4 25. Na7 Qg5 26. Rb3 Nf6 27. Qb2 N6h5 28. Nxc8 Rxc8 29. Rb8 Rxb8 30. Qxb8+ Kh7 31. Qa7 f5 32. exf5 Nf6 33. Kf2 Qxf5 34. Bxf4 Qxf4 35. Qxc7 Ne4+ 0-1